000 00633nam a2200217 i 4500
001 bg
245 0 0 _aSłownik towaroznawczy.
_nT. 4,
_pJ-K /
_c[red. nacz. Wacław Walewski ; aut. tomu Leon Bagiński et al.].
260 _aWarszawa :
_bPolskie Wydawnictwa Gospodarcze,
_c1955.
300 _a[6] s., łamy 5-1528 :
_bil. ;
_c25 cm.
650 4 _aTowaroznawstwo
_xterminologia.
650 4 _aSłowniki
700 1 _aWalewski, Wacław.
_eRed.
700 1 _aBagiński, Leon.
040 _cBPK
041 _apol
044 _aPOL
080 _a620.2
080 _a(03)
942 _cKS
008 110408s1955 pl a |000 0 pol
999 _c49724
_d49724
856 _uhttp://koha.tu.koszalin.pl/cgi-bin/koha/opac-detail.pl?biblionumber=49724
_yKatalog online BPK